Guia dos direitos do consumidor (Registo nº 6)

Detalhes MARC
000 -Etiqueta do registo
Cabeçalho 00940cam a2200325 4500
005 - Identificador da versão
Campo de controlo 20240813121751.0
010 ## - Número internacional normalizado dos livros (ISBN)
Número (ISBN) 9728715129
021 ## - Número do Depósito Legal
Código do país PT
Número 191882/03
035 ## - Other System Control Numbers
System Control Number 0000006
System Control Number 0000006
System Control Number 0000006
System Control Number 0000006
100 ## - Dados gerais de processamento
Dados gerais de processamento 20031105d2003 m y0pory5003 ba
102 ## - Pais de publicação ou produção
País de publicação Portugal
101 0# - Língua de publicação
Língua do texto, banda sonora, etc. Português
106 ## - Campo de dados codificados: material textual
Dados codificados do material textual r
105 ## - Campo de dados codificados: livros
Dados codificados dos livros a 001yy
215 ## - Descrição física 
Indicação específica da natureza do documento e extensão da espécie 72 p.
Outras indicações físicas il.
Dimensões 23cm
200 1# - Titulo e menção de responsabilidade
Título próprio Guia dos direitos do consumidor
Primeira menção de responsabilidade Teresa Almeida
Outras menções de responsabilidade [ed. lit.] Instituto do Comsumidor-Centro Europeu do Consumidor
-- il. Ricardo Antunes
210 ## - Publicação, Distribuição, etc. 
Lugar da edição, distribuição, etc. Lisboa
Nome do editor, distribuidor, etc. I.C.C.E.C.
Data da publicação, distribuição, etc. 2002
675 ## - Classificação Decimal Universal (CDU)
Notação 366.6(036)
702 ## - Nome de autor-pessoa física (responsabilidade secundária)
Número de registo de entrada de autoridade 0000020
Palavra de ordem Antunes
Outra parte do nome não tomada para palavra de ordem Ricardo
Código de função Ilustrador / Técnico de desenho computorizado
701 #1 - Nome de autor-pessoa física (co-responsabilidade principal)
Palavra de ordem Almeida
Outra parte do nome não tomada para palavra de ordem Teresa
712 01 - Nome de colectividade-autor (responsabilidade secundária)
Número de registo de entrada de autoridade 0000021
Palavra de ordem Portugal
Subdivisão Instituto Nacional de Defesa do Consumidor
Código de função Editor literário / Coordenador
700 ## - Nome de autor-pessoa física (responsabilidade principal)
Número de registo de entrada de autoridade 0000018
Palavra de ordem Almeida
Outra parte do nome não tomada para palavra de ordem Teresa
966 ## - Identificação da Biblioteca
Sigla NUMETECA
942 ## - Elementos de entrada adicionados (Koha)
Tipo de item no Koha Livro
Exemplares
Situação do levantamento Origin of item (home branch) (coded) Biblioteca de empréstimo Código de barras Cota Circulation type (not for loan) Tipo de documento Nota do exemplar Damaged status
  Biblioteca Escolar Eng. Nuno Mergulhão Biblioteca Escolar Eng. Nuno Mergulhão BENM1036 366 ALM   Livro Sem mensagem